[Event "Robert Byrne Memorial IM"]
[Site "Naperville"]
[Date "2023.01.19"]
[Round "2"]
[White "Menon, Gopal S"]
[Black "Martin Del Campo C, Roberto Abel"]
[Result "0-1"]
[WhiteElo "2228"]
[BlackElo "2235"]
[PlyCount "60"]
[EventDate "2023.01.18"]
[EventType "tourn"]
[EventRounds "9"]
[EventCountry "USA"]
[SourceTitle "CBM 212 Extra"]
[Source "ChessBase"]
[SourceDate "2023.03.31"]
[SourceVersion "1"]
[SourceVersionDate "2023.03.31"]
[SourceQuality "1"]

1. e4 c5 2. Nc3 e6 3. Nf3 Nc6 4. d4 cxd4 5. Nxd4 Qb6 6. Nb3 Nf6 7. Bd3 a6 8. 0-0 Be7 9. Be3 Qc7 10. f4 d6 11. Qf3 0-0 12. Kh1 b5 13. Rae1 Bb7 14. Qh3 Nb4 15. a3 Nxd3 16. cxd3 Rac8 17. Nd4 Qd7 18. Rf3 Rc5 19. f5 e5 20. Rg3 exd4 21. Bxd4 Re5 22. Rf1 Kh8 23. Rf4 a5 24. Rh4 b4 25. Rg5 Kg8 26. Rxh7 Nxh7 27. Rh5 Bg5 28. Rxh7 Bh6 29. Rxh6 gxh6 30. Ne2 f6 0-1

[Event "Titled Tuesday intern op 5th June"]
[Site "Chess.com INT"]
[Date "2018.06.05"]
[Round "2"]
[White "Petrosian, Tigran L"]
[Black "Menon, Gopal S"]
[Result "1/2-1/2"]
[WhiteElo "2613"]
[BlackElo "2213"]
[PlyCount "114"]
[EventDate "2018.06.05"]
[EventType "swiss (blitz)"]
[EventRounds "10"]
[EventCountry "USA"]
[SourceTitle "EXT 2021"]
[Source "ChessBase"]
[SourceDate "2020.10.23"]
[SourceVersion "1"]
[SourceVersionDate "2020.10.23"]
[SourceQuality "1"]

1. Nf3 g6 2. g3 Bg7 3. Bg2 d6 4. 0-0 e5 5. c4 Nd7 6. Nc3 Ne7 7. d3 0-0 8. Bd2 f5 9. b4 Nf6 10. c5 h6 11. Qb3+ Kh7 12. cxd6 cxd6 13. Rac1 a6 14. a4 g5 15. b5 axb5 16. Nxb5 Nc6 17. Bxg5 hxg5 18. Nxg5+ Kg6 19. Ne6 Bxe6 20. Qxe6 Rxa4 21. e3 Re8 22. Qxd6 Bf8 23. Qxd8 Rxd8 24. Rfd1 Rb4 25. Nc7 Kf7 26. Bxc6 bxc6 27. Rxc6 Rb2 28. Ne6 Rdb8 29. Ng5+ Kg6 30. Nf3 Re8 31. Nh4+ Kf7 32. Nxf5 Ng4 33. Rf1 Rd8 34. h3 Nf6 35. Rd1 Ra8 36. Rc7+ Ke6 37. g4 Raa2 38. Rf1 Nd5 39. Rc8 Bb4 40. d4 exd4 41. Nxd4+ Kd7 42. Rb8 Nxe3 43. Rxb4 Rxb4 44. fxe3 Rbb2 45. Nf3 Rg2+ 46. Kh1 Rg3 47. Ng1 Rxe3 48. Rf3 Re1 49. Rg3 Ke7 50. Rg2 Ra3 51. Kh2 Kf6 52. Ne2 Kg5 53. Ng3 Ree3 54. Rg1 Ra2+ 55. Rg2 Raa3 56. Rg1 Ra2+ 57. Rg2 Raa3 1/2-1/2

[Event "Chicago Clark Street Capital op"]
[Site "Chicago"]
[Date "2017.04.13"]
[Round "3"]
[White "Fishbein, Alexander"]
[Black "Menon, Gopal S"]
[Result "1-0"]
[WhiteElo "2481"]
[BlackElo "2216"]
[PlyCount "123"]
[EventDate "2017.04.12"]
[EventType "swiss"]
[EventRounds "9"]
[EventCountry "USA"]
[SourceTitle "CBM 177 Extra"]
[Source "ChessBase"]
[SourceDate "2017.04.27"]
[SourceVersion "1"]
[SourceVersionDate "2017.04.27"]
[SourceQuality "1"]

1. e4 c5 2. Nf3 Nc6 3. d4 cxd4 4. Nxd4 Nf6 5. Nc3 d6 6. Be2 e6 7. 0-0 Be7 8. Be3 0-0 9. f4 Qc7 10. Kh1 Nxd4 11. Qxd4 b6 12. Rad1 Bb7 13. Bf3 Rfd8 14. Nb5 Qb8 15. c4 a6 16. Nc3 Nd7 17. Qd3 Qc7 18. Rc1 Rac8 19. b3 Qb8 20. Qe2 Bf6 21. Nb1 Nc5 22. Nd2 Bc6 23. Bg1 Re8 24. h3 Nd7 25. Bh2 e5 26. f5 b5 27. Rfd1 Bg5 28. Rc2 Nf6 29. cxb5 axb5 30. Bg1 Qa8 31. Be3 Bxe3 32. Qxe3 Bb7 33. Rdc1 Rxc2 34. Rxc2 d5 35. exd5 Bxd5 36. Bxd5 Nxd5 37. Qf3 Nf6 38. Qxa8 Rxa8 39. g4 Kf8 40. Kg2 Nd5 41. Kf3 Nb4 42. Rc5 Rxa2 43. Rxb5 Rxd2 44. Rxb4 Rd3+ 45. Ke4 Rxh3 46. Kxe5 h5 47. gxh5 Rxh5 48. Kd6 Kg8 49. Rf4 g5 50. fxg6 fxg6 51. b4 Rh1 52. b5 Kg7 53. b6 Rb1 54. Kc5 g5 55. Rb4 Rc1+ 56. Kd6 Rd1+ 57. Kc6 Rc1+ 58. Kb5 Rc8 59. b7 Rf8 60. Kc6 Rf6+ 61. Kd5 Rf5+ 62. Ke6 1-0

[Event "Chicago Clark Street Capital op"]
[Site "Chicago"]
[Date "2017.04.12"]
[Round "1"]
[White "Vorontsov, Pavlo"]
[Black "Menon, Gopal S"]
[Result "0-1"]
[WhiteElo "2499"]
[BlackElo "2216"]
[PlyCount "74"]
[EventDate "2017.04.12"]
[EventType "swiss"]
[EventRounds "9"]
[EventCountry "USA"]
[SourceTitle "CBM 177 Extra"]
[Source "ChessBase"]
[SourceDate "2017.04.27"]
[SourceVersion "1"]
[SourceVersionDate "2017.04.27"]
[SourceQuality "1"]

1. c4 c5 2. g3 g6 3. Bg2 Bg7 4. Nc3 Nc6 5. Rb1 d6 6. a3 e6 7. b4 Nge7 8. Nf3 0-0 9. 0-0 b6 10. Qa4 Bb7 11. Bb2 Qd7 12. d3 Rad8 13. Nb5 e5 14. Nc3 Ba8 15. Nd2 f5 16. Rfe1 g5 17. Nd5 Ng6 18. e3 g4 19. Bc3 h5 20. Qc2 h4 21. a4 cxb4 22. Bxb4 Kh8 23. Bc3 Qf7 24. Qa2 f4 25. exf4 exf4 26. Bxg7+ Qxg7 27. Qb2 Nce5 28. Be4 Bxd5 29. cxd5 Rf6 30. d4 fxg3 31. fxg3 Nf3+ 32. Bxf3 gxf3 33. Ne4 Nf4 34. Nxf6 hxg3 35. hxg3 Qxg3+ 36. Kh1 f2 37. Qxf2 Qxf2 0-1

[Event "Southwest Class-ch 8th"]
[Site "Fort Worth"]
[Date "2017.02.19"]
[Round "6"]
[White "Menon, Gopal S"]
[Black "Rozman, Levy"]
[Result "0-1"]
[WhiteElo "2238"]
[BlackElo "2404"]
[PlyCount "70"]
[EventDate "2017.02.16"]
[EventType "swiss"]
[EventRounds "9"]
[EventCountry "USA"]
[SourceTitle "EXT 2018"]
[Source "ChessBase"]
[SourceDate "2017.10.13"]
[SourceVersion "1"]
[SourceVersionDate "2017.10.13"]
[SourceQuality "1"]

1. e4 e6 2. d4 d5 3. Nc3 Nf6 4. e5 Nfd7 5. f4 c5 6. Nf3 Nc6 7. Be3 Qb6 8. a3 cxd4 9. Nxd4 a6 10. Be2 Bc5 11. Na4 Qa5+ 12. c3 Ba7 13. b4 Qc7 14. Nb2 0-0 15. 0-0 Ncxe5 16. fxe5 Qxc3 17. Qd3 Qxb2 18. Rfb1 Nxe5 19. Rxb2 Nxd3 20. Bxd3 e5 21. Nc2 Bxe3+ 22. Nxe3 e4 23. Bb1 d4 24. Nc4 f5 25. Nb6 Rb8 26. Ba2+ Kh8 27. Bd5 Re8 28. Nxc8 Rexc8 29. Be6 Rf8 30. Rc1 d3 31. Rd2 Rbd8 32. Rdd1 g6 33. Kf2 Rfe8 34. Bc4 e3+ 35. Kf3 e2 0-1

[Event "US Open-117"]
[Site "Indianapolis"]
[Date "2016.08.05"]
[Round "7"]
[White "Menon, Gopal S"]
[Black "Khachiyan, Melikset"]
[Result "0-1"]
[WhiteElo "2274"]
[BlackElo "2531"]
[PlyCount "56"]
[EventDate "2016.07.30"]
[EventType "swiss"]
[EventRounds "9"]
[EventCountry "USA"]
[SourceTitle "CBM 173 Extra"]
[Source "ChessBase"]
[SourceDate "2016.08.29"]
[SourceVersion "1"]
[SourceVersionDate "2016.08.29"]
[SourceQuality "1"]

1. e4 d6 2. d4 Nf6 3. Nc3 e5 4. Nf3 Nbd7 5. Rg1 g6 6. g4 Bg7 7. Be3 0-0 8. Qd2 d5 9. exd5 e4 10. Ng5 Re8 11. Bb5 a6 12. Ba4 b5 13. Bb3 Nb6 14. Qe2 Nbxd5 15. Nxd5 Nxd5 16. 0-0-0 c6 17. c4 bxc4 18. Bxc4 Rb8 19. h4 h6 20. Nh3 Qd6 21. Qd2 Nxe3 22. fxe3 Be6 23. Bxe6 Qxe6 24. Kb1 c5 25. Nf4 Qe7 26. Nd5 Qb7 27. Nc3 cxd4 28. exd4 Bxd4 0-1

[Event "Chicago op 23rd"]
[Site "Wheeling"]
[Date "2014.05.23"]
[Round "3"]
[White "Troff, Kayden W"]
[Black "Menon, Gopal S"]
[Result "1-0"]
[WhiteElo "2484"]
[BlackElo "2246"]
[PlyCount "63"]
[EventDate "2014.05.22"]
[EventType "swiss"]
[EventRounds "9"]
[EventCountry "USA"]
[SourceTitle "CBM 160 Extra"]
[Source "ChessBase"]
[SourceDate "2014.07.01"]
[SourceVersion "1"]
[SourceVersionDate "2014.07.01"]
[SourceQuality "1"]

1. d4 Nf6 2. c4 g6 3. Nc3 d5 4. Qb3 dxc4 5. Qxc4 Bg7 6. e4 0-0 7. Be2 b6 8. e5 Be6 9. exf6 Bxc4 10. fxg7 Kxg7 11. Bxc4 Qxd4 12. Bd5 c6 13. Nge2 Qf6 14. Bf3 Nd7 15. Ne4 Qe6 16. Nf4 Qf5 17. g4 Qb5 18. Bd2 Ne5 19. Bc3 Kg8 20. Be2 Qa4 21. f3 Nd7 22. b3 Qa3 23. Nd3 c5 24. Nb2 b5 25. Bxb5 Nb6 26. Nc4 Nxc4 27. Bxc4 Rad8 28. Ke2 Rd7 29. Nd2 Rxd2+ 30. Kxd2 Rd8+ 31. Ke2 Rd4 32. Rhd1 1-0

[Event "Chicago op 23rd"]
[Site "Wheeling"]
[Date "2014.05.22"]
[Round "1"]
[White "Corrales Jimenez, Fidel"]
[Black "Menon, Gopal S"]
[Result "0-1"]
[WhiteElo "2577"]
[BlackElo "2246"]
[PlyCount "92"]
[EventDate "2014.05.22"]
[EventType "swiss"]
[EventRounds "9"]
[EventCountry "USA"]
[SourceTitle "CBM 160 Extra"]
[Source "ChessBase"]
[SourceDate "2014.07.01"]
[SourceVersion "1"]
[SourceVersionDate "2014.07.01"]
[SourceQuality "1"]

1. e4 c5 2. Nf3 d6 3. d4 cxd4 4. Nxd4 Nf6 5. Nc3 a6 6. Be3 e6 7. Qd2 b5 8. f3 Nbd7 9. g4 h6 10. 0-0-0 b4 11. Nce2 d5 12. exd5 Nxd5 13. Nf4 Nxf4 14. Bxf4 Bc5 15. Nb3 Be7 16. Bd3 Bb7 17. Be4 Bxe4 18. fxe4 Nc5 19. Qe2 Qb6 20. h4 a5 21. Kb1 a4 22. Nxc5 Bxc5 23. g5 hxg5 24. Bxg5 b3 25. cxb3 axb3 26. a3 0-0 27. h5 Bxa3 28. bxa3 Rxa3 29. Bf6 b2 30. Bxb2 Qb3 31. Rh2 Rc8 32. Qc2 Rxc2 33. Rxc2 Ra1+ 34. Kxa1 Qxc2 35. Rd4 e5 36. Rb4 Qd1+ 37. Ka2 Qxh5 38. Kb3 f6 39. Kc4 Qd1 40. Kc5 g5 41. Ba3 g4 42. Kc6 Qd3 43. Rb8+ Kf7 44. Rf8+ Kg7 45. Be7 Qxe4+ 46. Kd6 Qf5 0-1

[Event "Las Vegas National op"]
[Site "Las Vegas"]
[Date "2012.06.17"]
[Round "6"]
[White "Vibbert, Sean"]
[Black "Menon, Gopal S"]
[Result "0-1"]
[WhiteElo "2214"]
[BlackElo "2180"]
[PlyCount "100"]
[EventDate "2012.06.15"]
[EventType "swiss"]
[EventRounds "9"]
[EventCountry "USA"]
[SourceTitle "CBM 148 Extra"]
[Source "ChessBase"]
[SourceDate "2012.06.22"]
[SourceVersion "1"]
[SourceVersionDate "2012.06.22"]
[SourceQuality "1"]

1. e4 c5 2. Nf3 a6 3. c3 d5 4. exd5 Nf6 5. d4 cxd4 6. cxd4 Nxd5 7. Nc3 Nc6 8. Bc4 Be6 9. Be2 Nb6 10. 0-0 g6 11. Be3 Bg7 12. Qd2 0-0 13. Rfd1 Nd5 14. Bh6 Rc8 15. Bxg7 Kxg7 16. Ng5 Bf5 17. g4 Be6 18. f4 Qd7 19. h3 h6 20. Nge4 Qc7 21. Rf1 Rfd8 22. f5 Nxc3 23. bxc3 Bd5 24. Bf3 Ne5 25. dxe5 Bxe4 26. Qf4 Bd3 27. f6+ Kh7 28. fxe7 Qxe7 29. Rf2 Rxc3 30. Rd1 Bc4 31. Rd4 Be6 32. Kg2 Rxd4 33. Qxd4 Rc7 34. Rb2 Qa3 35. Rf2 b5 36. Qf4 Qc1 37. Qf6 Qg5 38. h4 Qxf6 39. exf6 Rc4 40. Kg3 Ra4 41. Rd2 Rxa2 42. Rd1 b4 43. Bd5 Bxd5 44. Rxd5 b3 45. Rd7 Ra5 46. Rxf7+ Kg8 47. Rg7+ Kf8 48. h5 gxh5 49. Rd7 b2 50. Rd1 Ra1 0-1

[Event "Chicago op 21st"]
[Site "Wheeling"]
[Date "2012.05.27"]
[Round "6"]
[White "Menon, Gopal S"]
[Black "Bartholomew, John"]
[Result "1/2-1/2"]
[WhiteElo "2180"]
[BlackElo "2445"]
[PlyCount "37"]
[EventDate "2012.05.24"]
[EventType "swiss"]
[EventRounds "9"]
[EventCountry "USA"]
[SourceTitle "CBM 148 Extra"]
[Source "ChessBase"]
[SourceDate "2012.06.22"]
[SourceVersion "1"]
[SourceVersionDate "2012.06.22"]
[SourceQuality "1"]

1. e4 d5 2. exd5 Qxd5 3. Nf3 Bg4 4. Be2 Nc6 5. d4 0-0-0 6. Be3 e5 7. c4 Qa5+ 8. Bd2 Bb4 9. d5 Bxf3 10. Bxf3 Bxd2+ 11. Nxd2 Nd4 12. 0-0 Nxf3+ 13. Nxf3 f6 14. Qc2 Ne7 15. b4 Qxb4 16. Rab1 Qd6 17. Qb3 b6 18. Rfc1 Nf5 19. Qa4 1/2-1/2

[Event "USA tt"]
[Site "ICC INT"]
[Date "2011.10.31"]
[Round "10"]
[White "Atoufi, Pedram"]
[Black "Menon, Gopal S"]
[Result "1-0"]
[WhiteElo "2279"]
[BlackElo "2201"]
[PlyCount "73"]
[EventDate "2011.08.29"]
[EventType "team-tourn"]
[EventRounds "10"]
[EventCountry "USA"]
[SourceTitle "EXT 2012"]
[Source "ChessBase"]
[SourceDate "2011.11.24"]
[SourceVersion "1"]
[SourceVersionDate "2011.11.24"]
[SourceQuality "1"]
[WhiteTeam "Arizona"]
[BlackTeam "Chicago"]
[WhiteTeamCountry "USA"]
[BlackTeamCountry "USA"]

1. e4 c5 2. Nf3 e6 3. d4 cxd4 4. Nxd4 Qb6 5. Nb3 Qc7 6. g3 Nf6 7. Bg2 d6 8. 0-0 Be7 9. Nc3 a6 10. a4 Nc6 11. a5 0-0 12. f4 b5 13. axb6 Qxb6+ 14. Kh1 Bb7 15. Re1 Rfd8 16. Be3 Qc7 17. Na4 Nd7 18. Qe2 Bf8 19. Red1 e5 20. f5 a5 21. c4 Ba6 22. Nc3 Nc5 23. Nd5 Qb7 24. Nxa5 Nxa5 25. Rxa5 Qb3 26. Rda1 Rdb8 27. Bxc5 Bxc4 28. Nf6+ gxf6 29. Qg4+ Kh8 30. Rxa8 dxc5 31. Rxb8 Qxb8 32. Qd1 Qxb2 33. Ra8 Kg7 34. Qg4+ Kh6 35. h3 Be7 36. Rg8 Qe2 37. Qg7+ 1-0

[Event "USA tt"]
[Site "ICC INT"]
[Date "2011.10.05"]
[Round "6"]
[White "Schoch, Ian David"]
[Black "Menon, Gopal S"]
[Result "0-1"]
[WhiteElo "2182"]
[BlackElo "2201"]
[PlyCount "66"]
[EventDate "2011.08.29"]
[EventType "team-tourn"]
[EventRounds "10"]
[EventCountry "USA"]
[SourceTitle "CBM 144 Extra"]
[Source "ChessBase"]
[SourceDate "2011.10.28"]
[SourceVersion "1"]
[SourceVersionDate "2011.10.28"]
[SourceQuality "1"]
[WhiteTeam "Baltimore"]
[BlackTeam "Chicago"]
[WhiteTeamCountry "USA"]
[BlackTeamCountry "USA"]

1. d4 c5 2. d5 e5 3. Nc3 d6 4. e4 Be7 5. Bb5+ Nd7 6. Qg4 g6 7. a4 Ngf6 8. Qd1 0-0 9. g4 Ne8 10. h4 Ng7 11. h5 Bg5 12. Nf3 Bf4 13. Bxf4 exf4 14. hxg6 fxg6 15. Qd2 a6 16. Be2 Qe7 17. 0-0-0 Ne5 18. Nxe5 Qxe5 19. f3 Bd7 20. Bc4 b5 21. Bb3 bxa4 22. Bxa4 Bxa4 23. Nxa4 Rab8 24. Qh2 Rb4 25. Nc3 Rfb8 26. Ne2 Rxb2 27. Nxf4 Qc3 28. Qxh7+ Kf7 29. Qxg6+ Ke7 30. Qxg7+ Qxg7 31. e5 Rb1+ 32. Kd2 Rxd1+ 33. Rxd1 Qg5 0-1